000 00665nam a2200229Ia 4500
003 OSt
005 20220928130049.0
006 a|||||r|||| 00| 0
007 ta
008 220927b |||||||| |||| 00| 0 eng d
024 _a25841
037 _cTextual
040 _aSDCL
_cSDCL
_beng
041 _2eng
_aeng
082 _aV1N49'N8, M2
100 _aBroadhurst Arlene Idol Ed.
_9472578
245 0 _aFuture of European alliance systems
_b NATO and the warsaw pact.
260 _aBoulder
_bWestview Press
_c1982
300 _axx,316p
_ccm.
942 _hV1N49'N8, M2
_cTEXL
_2CC
999 _c785150
_d785150